Racionalidad e irracionalidad en economía

Guardat en:
Dades bibliogràfiques
Autor principal: Godelier, Maurice (Autor)
Format: Llibre
Idioma:espanyol
Publicat: Ciudad de México Siglo XXI 1970
Edició:2a. ed
Col·lecció:Teoría y Crítica
Matèries:
Etiquetes: Afegir etiqueta
Sense etiquetes, Sigues el primer a etiquetar aquest registre!

MARC

LEADER 00000nam a2200000 a 4500
001 UCI5324
003 CL-VaPUC
008 080320e19700000MX |||||||||||||||||spa|d
082 0 4 |a 330.1  |b GOD  |2 21 
100 |a Godelier, Maurice  |e author  |9 571184 
245 1 0 |a Racionalidad e irracionalidad en economía 
250 |a 2a. ed 
300 |a 313 p 
942 |c BK 
945 |d 20080320 00:00:00  |a jtorresc 
260 |a Ciudad de México  |b Siglo XXI  |c 1970 
650 0 |a Economía marxista  |9 311435 
650 0 |a Racionalismo  |9 259116 
650 0 |a Capitalismo  |9 255255 
650 7 |a MARXISMO  |2 CL-VaPUC  |9 527633 
583 |a last modification  |c 20080320 00:00:00  |k Rodrigo Vera 
490 0 |a Teoría y Crítica 
999 |c 329077  |d 329075 
952 |0 0  |1 0  |4 0  |6 330_100000000000000_GOD_1970  |7 0  |8 A  |9 413397  |a BIBHIS  |b BIBHIS  |d 2019-11-22  |i 4416996  |o 330.1 GOD 1970  |p 4416996  |r 2025-01-20  |w 2019-11-22  |y BK  |k HIS